000 00885caa a22002417a 4500
999 _c410291
_d410291
001 123347
003 UA-OsUOA
005 20200111234234.0
007 ta
008 20170612b un ||||| |||| 00| 0 ukr d
040 _aUA-OsUOA
_bukr
_cUA-OsUOA
_dUA-OsUOA
041 _aukr
080 _a908
090 _a908
_bХ36
100 _aХеленюк О.
245 _aОсобливості етнічного складу населення Острога (кінець ХІХ – початок ХХІ століття)
_cО. Хеленюк
300 _aС. 229–235
650 7 _a908 Краєзнавство
_2UDC
773 0 _0399316
_9416564
_dОстрог НаУОА 2008
_o148879
_tОстрозький краєзнавчий збірник
_w(UA-OsUOA) 113459
942 _cBKA
_2udc
955 _a1